| 000 | 00656nam a2200229 a 4500 | ||
|---|---|---|---|
| 001 | 67235 | ||
| 003 | BD-RjUL | ||
| 005 | 20211209081629.0 | ||
| 008 | 170323s1987 nyua b 001 0 eng | ||
| 020 | _a0471845809 | ||
| 035 | _a(BD-RjUL)67366 | ||
| 040 |
_aDLC _cDLC _dBD-RjUL _beng |
||
| 041 | _aeng | ||
| 082 | 0 | 0 |
_a660.283 _223 _bNAC 1987 |
| 100 | 1 |
_aNauman, E. B. _9199203 |
|
| 245 | 1 | 0 |
_aChemical reactor design / _cE.B. Nauman. |
| 260 |
_aNew York : _bWiley, _cc1987. |
||
| 300 |
_axxx, 426 p. : _bill. ; _c25 cm. |
||
| 504 | _aIncludes bibliographies and index. | ||
| 650 | 0 |
_aChemical reactors _xDesign and construction. _9199204 |
|
| 942 |
_2ddc _cBK |
||
| 999 |
_c67235 _d67235 |
||